000
00331nam a22001457a 4500
008
210226b ||||| |||| 00| 0 eng d
020
_a
9781118557327
041
_a
eng
080
_2
6th
_a
330.772.6
082
_a
330.772.6
100
_a
61
101
_a
KF
245
_a
Accounting Principles
_c
Weygandt. J.J
942
_2
udc
_c
BK
999
_c
55267
_d
55267